Historical Events by Flag - Statistics

General Stats
  • This quiz has been taken 309 times
    305 since last reset
  • The average score is 16 of 18
Answer Stats
Question Answer % Correct
Home of Roman General Julius Caesar
99%
The pyramids were built here in the 3rd Millenium BC
95%
Place where the world’s first democracies emerged in the 6th Century BC
93%
The prophet Muhammad founded the religion of Islam here in the 7th Century
91%
Captain Cook, commanding HMS Endeavour, landed here in 1770, naming the place Botany Bay
91%
Magna Carta, an early citizen’s charter, was signed here by King John and his Barons in 1215
90%
Location of WW2 campaign known as the Winter War
90%
A local warlord adopted the name Genghis Khan here in 1206, uniting the various clans to form a mighty horde
90%
Failed invasion of the Gallipoli peninsula during WW1
89%
The Seventh Coalition triumphed here at the Battle of Waterloo in 1815
89%
The USS Maine sank here in 1898, leading to war with Spain
88%
Carthage, a Phoenician colony, dominated the Mediterranean from here until their fall to the Romans in the third Punic war of 146 BC
86%
Davy Crocket died here in 1836 at the Battle of the Alamo
85%
Conquistador Herman Cortes defeated Aztec emperor Moctezuma II here in 1519
85%
Location of 1950’s Mau Mau rebellion against the British Empire
82%
Ferdinand Magellan arrived here in 1521, claiming the islands for Spain
80%
The Battle of Guadalcanal was fought between the Allies and the Japanese Empire here during WW2
75%
Clovis I was the first King of this country back in the 5th Century AD
69%
No matching quizzes found
Score Distribution
Percent of People with Each Score
Percentile by Number Answered
Your Score History
You have not taken this quiz since the last reset